| 000 | 00428nam a2200181Ia 4500 | ||
|---|---|---|---|
| 001 | 24468 | ||
| 005 | 20260414151045.0 | ||
| 008 | 260414t2001||||xx |||||||||||||| ||spa|| | ||
| 041 | _aESP | ||
| 082 |
_a345.7 _bT38 V. 3 |
||
| 100 |
_aChiovenda, Giseppe _eAUT |
||
| 245 | 0 |
_aInstituciones de derecho procesal civil _b |
|
| 260 | _c2001 | ||
| 300 |
_a _c28 cm. |
||
| 650 | _aDER | ||
| 654 | _aCDE | ||
| 942 |
_cLIB _dJUS _fJUS _2ddc _n |
||
| 999 |
_c24468 _d24468 |
||